| 000 | 01163nam a2200241Ia 4500 | ||
|---|---|---|---|
| 003 | Ost | ||
| 005 | 20260507075801.0 | ||
| 008 | 260507s9999||||xx |||||||||||||| ||und|| | ||
| 020 | _a9961805968 | ||
| 040 | _cfsecg | ||
| 041 | _aara | ||
| 082 | _a340.1 | ||
| 100 |
_aبعلي، محمد الصغير _eمؤلف |
||
| 245 | 0 |
_aالمدخل للعلوم القانونية : _bنظرية القانون ونظرية الحق / _c محمد الصغير بعلي |
|
| 260 |
_aالجزائر : _bدار العلوم للنشر والتوزيع, |
||
| 300 |
_a232 صفحة؛ _bإيضاحات ؛ _c24 سم |
||
| 504 | _aبيبيلوغرافيا: ص ص225-226 | ||
| 520 | _aيضم مقدمة عامة القانون والمجتمع، نظرية القانون ، القانون وصلته بالقواعد الاجتماعية ، مصادر القانون ، تفسير القانون ونطاق تطبيق القانون، نظرية الحق، الحق وتقسيماته، أركان الحق، آثار الحق وإنقضاء الحق. | ||
| 653 | _aالحق | ||
| 653 | _aالقانون | ||
| 653 | _aالقانون- نظريات | ||
| 942 | _cكتاب | ||
| 999 |
_c46283 _d46283 |
||